00678nam a2200181Ia 4500952017100000999001700171003000400188005001700192008004100209020001500250040000900265082002200274100002700296245007200323260004200395300000900437942005000446 00102ddc40708ECONOMICS OF LAND & ENERGYaMESbMEScECO d2019-02-20g195.00l1m1o333.315483 RAD/Pp18316r2020-02-18 00:00:00s2020-01-27w2019-02-20yBKzGL6R4 c20181d20181OSt20200602111133.0190216s9999||||xx |||||||||||||| ||und|| a0803995938 coclc a333.315483bRAD/P aRadhakrishnan, P92476 0aPeasant Struggles,Land Reforms And Social Change /cP Radhakrishnan bSage Publications,c1989.aNew Delhi: a289p cBK2ddch333.315483iRAD/Pk333.315483mRAD/P